The science of psychology : An appreciative view
Đã lưu trong:
| Tác giả chính: | |
|---|---|
| Định dạng: | Sách |
| Ngôn ngữ: | Undetermined |
| Được phát hành: |
New York
McGraw-Hill
2008
|
| Những chủ đề: | |
| Các nhãn: |
Thêm thẻ
Không có thẻ, Là người đầu tiên thẻ bản ghi này!
|
| Thư viện lưu trữ: | Trung tâm Học liệu Trường Đại học Cần Thơ |
|---|
| LEADER | 00581nam a2200217Ia 4500 | ||
|---|---|---|---|
| 001 | CTU_179573 | ||
| 008 | 210402s9999 xx 000 0 und d | ||
| 020 | |c 151.02 | ||
| 082 | |a 150 | ||
| 082 | |b K52 | ||
| 100 | |a King, Laura A | ||
| 245 | 4 | |a The science of psychology : | |
| 245 | 3 | |b An appreciative view | |
| 245 | 0 | |c Laura A. King | |
| 260 | |a New York | ||
| 260 | |b McGraw-Hill | ||
| 260 | |c 2008 | ||
| 650 | |a Psychology,Tâm lý học | ||
| 650 | |x Study and teaching,Dạy và học | ||
| 904 | |i Nhung | ||
| 980 | |a Trung tâm Học liệu Trường Đại học Cần Thơ | ||